Veľká kniha krížoviek citáty, príslovia, vtipy

Podrobná bibliografia
Korporatívny autor: Slovenský zväz hádankárov a krížovkárov (Zostavovateľ, kompilátor)
Médium: Kniha
Jazyk:slovenčina
PhysicalDescription:344 s. ilustr., portréty 23 cm
Vydavateľské údaje: Brno Computer Press 2011
ISBN:9788025133491 (brož.)
Vydanie:Vyd. 1.
Predmet:

MARC

LEADER 00000nam a2200000 a 4500
001 vtls010316638
003 SK-MaSNL
005 20260302011935.0
008 111006s2011 xr a 000 0 slo
015 |a SNBZSA2012-00673 
020 |a 9788025133491 (brož.) 
040 |a SNK  |b slo  |c SNK  |e AACR2 
041 0 |a slo 
044 |a xr  |c CZ 
072 7 |a 793  |x Spoločenské zábavy  |2 konspekt 
080 |a 793.7  |2 2008 
080 |a 793.8-021.432  |2 2008 
080 |a (082)  |2 2008 
245 0 0 |a Veľká kniha krížoviek  |b citáty, príslovia, vtipy  |c Slovenský zväz hádankárov a krížovkárov 
250 |a Vyd. 1. 
260 |a Brno  |b Computer Press  |c 2011 
300 |a 344 s.  |b ilustr., portréty  |c 23 cm 
650 0 7 |a krížovky  |2 SNKPH  |9 3313 
650 0 7 |a hlavolamy  |2 SNKPH  |9 3312 
655 7 |a zborníky  |2 snkph  |9 70165 
710 2 |a Slovenský zväz hádankárov a krížovkárov  |4 com  |9 546254 
919 |a 978-80-251-3349-1 
958 |a ZS 
999 |c 1007913  |d 1009843 
952 |a SNK  |b SNK  |y PREZ  |7 0  |p 17A0754716  |o snkOSC 25757  |i snk2011/21798  |8 4  |g 7.89  |0 0  |1 0  |4 0  |d 2011-10-06  |l 0  |r 2026-02-24 12:41:51  |w 2026-02-24 
952 |a SNK  |b SNK  |y PREZ  |7 0  |p 17A0876057  |o snkOSC 25757 D1  |i snk2012/2037  |8 4  |g 7.46  |0 0  |1 0  |4 0  |d 2011-12-12  |l 0  |r 2026-02-24 12:41:51  |w 2026-02-24